ბათუმის შოთა რუსთაველის სახელმწიფო უნივერსიტეტის ბიბლიოთეკა

ავტომობილები და ტრაქტორები. 1 ნაწილი (ბიბ.ჩანაწერი № 39189)

000 -LEADER
fixed length control field 00736nam a2200217Ia 4500
001 - CONTROL NUMBER
control field 5774
003 - CONTROL NUMBER IDENTIFIER
control field GE_BSU
008 - FIXED-LENGTH DATA ELEMENTS--GENERAL INFORMATION
fixed length control field 181216s||||||||xx |||||||||||||| ||und||
040 ## - CATALOGING SOURCE
Transcribing agency GE_BSU
080 ## - UNIVERSAL DECIMAL CLASSIFICATION NUMBER
Universal Decimal Classification number 629.113(072)
100 ## - MAIN ENTRY--PERSONAL NAME
Personal name ნამორაძე, ა.
245 ## - TITLE STATEMENT
Title ავტომობილები და ტრაქტორები. 1 ნაწილი
245 ## - TITLE STATEMENT
Statement of responsibility, etc. რედ. გურგენიძე, ჩ.
260 ## - PUBLICATION, DISTRIBUTION, ETC.
Place of publication, distribution, etc. თბილისი
260 ## - PUBLICATION, DISTRIBUTION, ETC.
Name of publisher, distributor, etc. განათლება
260 ## - PUBLICATION, DISTRIBUTION, ETC.
Date of publication, distribution, etc. 1975
300 ## - PHYSICAL DESCRIPTION
Extent 335 გვ. ილ. 27სმ.
300 ## - PHYSICAL DESCRIPTION
Accompanying material ბიბლიოგრ.: 332-333 გვ.
653 ## - INDEX TERM--UNCONTROLLED
Uncontrolled term ავტომობილები და ტრაქტორები.
942 ## - ADDED ENTRY ELEMENTS (KOHA)
Koha item type წიგნი

არაა ხელმისაწვდომი ეგზემპლარები.